[Event "SUI-chT"]
[Site "Switzerland"]
[Date "2021.09.19"]
[Round "2.6"]
[White "Coellen, Eike"]
[Black "Duratti, Lindo"]
[Result "1-0"]
[WhiteElo "1999"]
[BlackElo "2196"]
[PlyCount "74"]
[EventDate "2021.08.29"]
[EventType "team-tourn"]
[EventRounds "9"]
[EventCountry "SUI"]
[SourceTitle "EXT 2022"]
[Source "ChessBase"]
[SourceDate "2021.10.06"]
[SourceVersion "1"]
[SourceVersionDate "2021.10.06"]
[SourceQuality "1"]
[WhiteTeam "Bodan"]
[BlackTeam "Echallens"]
[WhiteTeamCountry "SUI"]
[BlackTeamCountry "SUI"]

1. c4 c5 2. Nc3 Nf6 3. e4 d6 4. Nf3 g6 5. g3 Bg7 6. Bg2 0-0 7. 0-0 e5 8. d3 Nc6 9. a3 Bg4 10. h3 Be6 11. Rb1 a5 12. Nd5 Ne7 13. b4 axb4 14. axb4 b6 15. Nxf6+ Bxf6 16. Bh6 Bg7 17. Qd2 Nc6 18. bxc5 bxc5 19. Ra1 Qd7 20. h4 Bg4 21. Nh2 f6 22. Rfb1 Nb4 23. Bxg7 Kxg7 24. Nf1 Ra4 25. Rxa4 Qxa4 26. Ne3 Be6 27. Nd1 Ra8 28. Nc3 Qc6 29. f4 Ra3 30. f5 Bf7 31. fxg6 hxg6 32. Rf1 Qd7 33. Kh2 Be6 34. Bf3 Qf7 35. Be2 Qa7 36. Rf2 Qa5 37. Bf1 Na2 1-0

[Event "Murrhard Wuerttemberg op"]
[Site "Murrhard"]
[Date "2021.08.21"]
[Round "5"]
[White "Coellen, Eike"]
[Black "Gavrin, Tim"]
[Result "1-0"]
[WhiteElo "1999"]
[BlackElo "1668"]
[PlyCount "61"]
[EventDate "2021.08.18"]
[EventType "swiss"]
[EventRounds "7"]
[EventCountry "GER"]
[SourceTitle "CBM 204 Extra"]
[Source "ChessBase"]
[SourceDate "2021.11.30"]
[SourceVersion "1"]
[SourceVersionDate "2021.11.30"]
[SourceQuality "1"]

1. d4 Nf6 2. c4 g6 3. Nc3 d5 4. cxd5 Nxd5 5. e4 Nxc3 6. bxc3 Bg7 7. Bc4 c5 8. Ne2 Nc6 9. Be3 cxd4 10. cxd4 Qa5+ 11. Kf1 0-0 12. h4 Rd8 13. h5 gxh5 14. Qb3 e6 15. Rd1 Qb4 16. Qc2 Na5 17. Bd3 Bd7 18. Rb1 Qa3 19. Bc1 Qe7 20. Rxh5 Rac8 21. Qd2 b6 22. e5 f5 23. exf6 Qxf6 24. Bxh7+ Kf8 25. Ba3+ Kf7 26. Qd3 Nc4 27. Bc1 Bc6 28. Bg5 Rxd4 29. Nxd4 Qxd4 30. Qg6+ Kf8 31. Qxe6 1-0

[Event "Murrhard Wuerttemberg op"]
[Site "Murrhard"]
[Date "2021.08.21"]
[Round "6"]
[White "Coellen, Eike"]
[Black "Migl, Dieter"]
[Result "1-0"]
[WhiteElo "1999"]
[BlackElo "2163"]
[PlyCount "45"]
[EventDate "2021.08.18"]
[EventType "swiss"]
[EventRounds "7"]
[EventCountry "GER"]
[SourceTitle "CBM 204 Extra"]
[Source "ChessBase"]
[SourceDate "2021.11.30"]
[SourceVersion "1"]
[SourceVersionDate "2021.11.30"]
[SourceQuality "1"]

1. c4 e6 2. d4 d5 3. Nf3 c6 4. g3 dxc4 5. Bg2 b5 6. a4 Bb7 7. 0-0 Nd7 8. Qc2 Ngf6 9. e4 Be7 10. Rd1 a6 11. Nc3 h6 12. Bf4 Qc8 13. h3 0-0 14. g4 b4 15. Ne2 c5 16. e5 Ne4 17. dxc5 Bd5 18. Nd2 b3 19. Qc1 Ndxc5 20. Nxc4 Rb8 21. a5 Nd7 22. Ne3 Rb5 23. Qxc8 1-0

[Event "Murrhard Wuerttemberg op"]
[Site "Murrhard"]
[Date "2021.08.20"]
[Round "4"]
[White "Omert, Oliver"]
[Black "Coellen, Eike"]
[Result "1-0"]
[WhiteElo "1841"]
[BlackElo "1999"]
[PlyCount "89"]
[EventDate "2021.08.18"]
[EventType "swiss"]
[EventRounds "7"]
[EventCountry "GER"]
[SourceTitle "CBM 204 Extra"]
[Source "ChessBase"]
[SourceDate "2021.11.30"]
[SourceVersion "1"]
[SourceVersionDate "2021.11.30"]
[SourceQuality "1"]

1. e4 e6 2. d3 d5 3. Nd2 c5 4. Ngf3 Nc6 5. g3 Nf6 6. Bg2 Be7 7. 0-0 0-0 8. Qe2 Qc7 9. c3 a6 10. Re1 Re8 11. Nf1 d4 12. e5 Nd7 13. Bf4 b5 14. h4 Bb7 15. h5 Nb6 16. h6 g6 17. Bg5 Nd5 18. c4 bxc4 19. dxc4 Ndb4 20. Qd2 Na5 21. Bxe7 Qxe7 22. b3 Rad8 23. N1h2 Rf8 24. Ng4 Bxf3 25. Bxf3 d3 26. Be4 Rd4 27. Rad1 Rfd8 28. f3 Nac6 29. a3 Nc2 30. Bxc6 Nxe1 31. Rxe1 Qc7 32. Be4 f5 33. exf6 Qxg3+ 34. Kf1 Kf7 35. Nf2 Kxf6 36. Re3 Qb8 37. Rxd3 Kf7 38. Rxd4 Rxd4 39. Nd3 Ke8 40. Qf4 Qxb3 41. Qc7 Qd1+ 42. Ne1 Kf8 43. Qxh7 Rxe4 44. Qg7+ Ke8 45. Qxg6+ 1-0